[Event "Winnipeg TNT March op"]
[Site "Winnipeg"]
[Date "2007.03.06"]
[Round "1"]
[White "Green, Aaron"]
[Black "Clark, Jeff"]
[Result "1/2-1/2"]
[WhiteElo "1426"]
[BlackElo "1846"]
[PlyCount "161"]
[EventDate "2007.03.06"]
[EventType "swiss"]
[EventRounds "4"]
[EventCountry "CAN"]
[SourceTitle "EXT 2019"]
[Source "ChessBase"]
[SourceDate "2018.10.10"]
[SourceVersion "1"]
[SourceVersionDate "2018.10.10"]
[SourceQuality "1"]

1. e4 c6 2. d4 d5 3. exd5 cxd5 4. c4 Nf6 5. Nf3 Bg4 6. Be3 g6 7. h3 Bxf3 8. Qxf3 Nc6 9. Nc3 e6 10. a3 Bg7 11. Rd1 Qa5 12. Bd3 0-0 13. 0-0 dxc4 14. Bxc4 Rfd8 15. Bb5 Rac8 16. Bxc6 Rxc6 17. Ne4 Nxe4 18. Qxe4 Qd5 19. Qxd5 Rxd5 20. Rd2 Rc4 21. Rfd1 Kf8 22. b3 Rc6 23. Kf1 Ke8 24. Ke2 a5 25. g3 b5 26. h4 Bf8 27. Ra2 Rc3 28. Rd3 Rc8 29. Kd2 Kd7 30. Rc3 Rxc3 31. Kxc3 Bxa3 32. Kd3 Bb4 33. Rc2 Bd6 34. Ra2 Bc7 35. Bd2 b4 36. Rc2 Bb6 37. Be3 f5 38. f4 h5 39. Rc4 Bc7 40. Rc5 Bd6 41. Rxd5 exd5 42. Kc2 Kc6 43. Kb2 Kb5 44. Ka2 a4 45. Kb2 Be7 46. Ka2 a3 47. Bf2 Kc6 48. Be3 Kd7 49. Bf2 Ke6 50. Be3 Kf7 51. Bf2 g5 52. fxg5 f4 53. gxf4 Kg6 54. Be1 Kf5 55. Bf2 Bf8 56. Be1 Kxf4 57. g6 Kf5 58. g7 Bxg7 59. Bxb4 Bxd4 60. Kxa3 Bf2 61. Be7 d4 62. Kb2 d3 63. Kc1 Be3+ 64. Kd1 Ke6 65. Bd8 Kd5 66. Be7 Kd4 67. b4 Kc4 68. Bf8 Bd4 69. Be7 Bc3 70. Kc1 Bxb4 71. Bxb4 Kxb4 72. Kd2 Kc4 73. Kd1 Kd4 74. Kd2 Ke4 75. Kd1 Kf4 76. Kd2 Kg4 77. Kxd3 Kxh4 78. Ke2 Kg3 79. Kf1 h4 80. Kg1 h3 81. Kh1 1/2-1/2

[Event "Winnipeg Mike Shpan Memorial"]
[Site "Winnipeg"]
[Date "2006.11.28"]
[Round "4"]
[White "Clark, Jeff"]
[Black "Czypinski, Jaroslaw"]
[Result "1/2-1/2"]
[WhiteElo "1757"]
[BlackElo "1801"]
[PlyCount "141"]
[EventDate "2006.11.07"]
[EventType "swiss"]
[EventRounds "6"]
[EventCountry "CAN"]
[SourceTitle "EXT 2019"]
[Source "ChessBase"]
[SourceDate "2018.10.10"]
[SourceVersion "1"]
[SourceVersionDate "2018.10.10"]
[SourceQuality "1"]

1. Nf3 d6 2. d4 Nf6 3. Nc3 e6 4. e4 Be7 5. Bd3 Nc6 6. 0-0 e5 7. d5 Nb4 8. Be2 a5 9. Ne1 Na6 10. Be3 h5 11. f3 Nc5 12. Nd3 Nxd3 13. Bxd3 h4 14. Qd2 Bd7 15. Rf2 Nh5 16. Ne2 g5 17. h3 Nf4 18. Kh2 Qc8 19. Bxf4 gxf4 20. c4 b6 21. Nc3 Rg8 22. Bf1 Qd8 23. Re2 Bg5 24. Nd1 Bh6 25. Nf2 Qf6 26. Ng4 Bxg4 27. hxg4 Bg5 28. Kh3 Qe7 29. Rd1 Qd7 30. Qc2 Ke7 31. Red2 Kf6 32. b3 Ra7 33. a3 Bh6 34. Qd3 Kg5 35. Re1 Rga8 36. Be2 Bg7 37. Rb1 Bf8 38. Rc1 Be7 39. Rdc2 Bf8 40. Rc3 Be7 41. Bd1 Qc8 42. R3c2 Bf8 43. Rf2 Be7 44. Be2 Bf8 45. Rh1 Be7 46. Kh2 Kg6 47. Kg1 Bg5 48. Rh3 Qd7 49. Kf1 Qe8 50. Ke1 Qe7 51. Rf1 Rh8 52. Rfh1 Raa8 53. Kf2 Qf6 54. Qc2 Qe7 55. Ra1 Qd7 56. Qd2 Qe8 57. Qd1 Qd7 58. Bd3 Qe8 59. Ra2 Qd7 60. Qa1 Qc8 61. Ke2 Qb7 62. Kd2 Qa7 63. Kc2 Qb7 64. Qc3 Qa7 65. Rb2 Kf6 66. a4 Ke7 67. Rb1 Kf6 68. Rbh1 Rh6 69. Qd2 Rah8 70. Qf2 Qa8 71. Kd1 1/2-1/2

[Event "Winnipeg TNT October op"]
[Site "Winnipeg"]
[Date "2006.10.24"]
[Round "4"]
[White "Pottinger, Carl"]
[Black "Clark, Jeff"]
[Result "1-0"]
[WhiteElo "1711"]
[BlackElo "1756"]
[PlyCount "100"]
[EventDate "2006.10.03"]
[EventType "swiss"]
[EventRounds "4"]
[EventCountry "CAN"]
[SourceTitle "EXT 2019"]
[Source "ChessBase"]
[SourceDate "2018.10.10"]
[SourceVersion "1"]
[SourceVersionDate "2018.10.10"]
[SourceQuality "1"]

1. c4 Nf6 2. g3 e6 3. Bg2 d5 4. cxd5 exd5 5. d4 Be7 6. Nf3 0-0 7. 0-0 Nbd7 8. Nc3 Re8 9. Ne5 Nf8 10. Qb3 Ne6 11. e3 c6 12. Bd2 Qb6 13. Na4 Qxb3 14. axb3 Nd7 15. Nd3 b5 16. Nc3 Bb7 17. b4 Nb6 18. b3 Nd7 19. Ra2 Bd8 20. Rfa1 a6 21. h4 Bc7 22. Bh3 Re7 23. Ne2 Rae8 24. Nc5 Nexc5 25. bxc5 Nf6 26. Bg2 Ne4 27. Be1 Ra8 28. Ba5 Bxa5 29. Rxa5 Nd2 30. b4 Nc4 31. R5a2 Bc8 32. Nc1 f5 33. Bh3 g6 34. Bf1 Kf7 35. Kg2 Kf6 36. Nb3 Rea7 37. Na5 Bd7 38. Be2 h6 39. Nb3 Be8 40. Nc1 g5 41. hxg5+ hxg5 42. Bd3 Bh5 43. Nb3 Bg6 44. Be2 g4 45. Nc1 f4 46. gxf4 Be4+ 47. Kg3 Rh8 48. Bxg4 Rg7 49. Rxa6 Rxg4+ 50. Kxg4 Rg8+ 1-0

[Event "Winnipeg TNT September op"]
[Site "Winnipeg"]
[Date "2006.09.19"]
[Round "3"]
[White "Essery, Richard"]
[Black "Clark, Jeff"]
[Result "0-1"]
[WhiteElo "1544"]
[BlackElo "1790"]
[PlyCount "104"]
[EventDate "2006.09.26"]
[EventType "swiss"]
[EventRounds "4"]
[EventCountry "CAN"]
[SourceTitle "EXT 2019"]
[Source "ChessBase"]
[SourceDate "2018.10.10"]
[SourceVersion "1"]
[SourceVersionDate "2018.10.10"]
[SourceQuality "1"]

1. d4 Nf6 2. Nf3 e6 3. Bf4 c5 4. e3 Nc6 5. c3 Be7 6. Bd3 d5 7. h3 0-0 8. Nbd2 b6 9. 0-0 Bb7 10. Re1 Nh5 11. Bh2 f5 12. Ne5 Nf6 13. Ndf3 Ne4 14. Bb5 Nxe5 15. Nxe5 Rf6 16. Bf4 g5 17. Bh2 Nd6 18. Bd3 Qe8 19. g4 Rh6 20. Kg2 Ne4 21. gxf5 exf5 22. Bxe4 dxe4 23. Rh1 Rd8 24. Qf1 Qh5 25. Kg1 Qxh3 26. Qxh3 Rxh3 27. Kg2 Rh6 28. Rhd1 Rhd6 29. Rd2 cxd4 30. cxd4 Rc8 31. b3 Rdd8 32. a3 Rc3 33. b4 Bf6 34. Rad1 Bd5 35. Ra1 a6 36. b5 a5 37. a4 h5 38. Kf1 Kg7 39. Rb1 g4 40. Rbb2 Bxe5 41. Bxe5+ Kg6 42. Ke2 h4 43. Rb1 Rdc8 44. Ra1 h3 45. Kd1 Bb3+ 46. Ke2 Bd5 47. Kd1 Kf7 48. Ke2 Ke6 49. Kd1 Bb3+ 50. Ke2 Kd5 51. Rb2 R8c4 52. Rd2 Bxa4 0-1